000 01233nam2a22002531 4500
001 rc\3366719
005 20250609184315.0
021 _aRU
_bРг9309-73
035 _a(NLR Aleph) 007445085
090 _a7156903
_c7156903
100 _a20130115d1973 |||y0rusy50 ca
101 0 _arus
102 _aRU
105 _ay z |||||
200 1 _aЛитература Западной Европы
_fРед. коллегия: Ю.Б. Виппер (отв. ред.)] [и др.]
210 _d1973
_aБ. м.
215 _a137 с.
_d21
461 0 _1001rc\3366705
_12001#$aИстория всемирной литературы$eДля обсуждения$eТ. 3-$fАН СССР. Ин-т мировой литературы имени А.М. Горького$vТ. 4. Вып. 4. [Разд. 1
_97156756
_cМосква
_d1973
_fАН СССР. Ин-т мировой литературы имени А.М. Горького
_nНаука
_oДля обсуждения : Т. 3-
_tИстория всемирной литературы
_vТ. 4. Вып. 4. [Разд. 1
702 1 _aВиппер
_bЮ.Б.
_gЮрий Борисович
_4340
801 0 _aRU
_bNLR
_gpsbo
801 1 _aRU
_bELAR
_2rusmarc
852 _aNLR
_j73-5/1441
942 _cBOOK
980 _aNB